LEADER 01659nam 2200469 450 001 9910523799003321 005 20220819102418.0 010 $a3-030-87003-0 035 $a(MiAaPQ)EBC6810866 035 $a(Au-PeEL)EBL6810866 035 $a(CKB)19919634700041 035 $a(OCoLC)1287134367 035 $a(PPN)258845066 035 $a(EXLCZ)9919919634700041 100 $a20220819d2022 uy 0 101 0 $aeng 135 $aurcnu|||||||| 181 $ctxt$2rdacontent 182 $cc$2rdamedia 183 $acr$2rdacarrier 200 00$aCritical rehabilitation for partial and total knee arthroplasty $eguidelines and objective testing to allow return to physical function, recreational and sports activities /$fFrank R. Noyes, Sue Barber-Westin, editors 210 1$aCham, Switzerland :$cSpringer,$d[2022] 210 4$dİ2022 215 $a1 online resource (241 pages) 311 08$aPrint version: Noyes, Frank R. Critical Rehabilitation for Partial and Total Knee Arthroplasty Cham : Springer International Publishing AG,c2021 9783030870027 320 $aIncludes bibliographical references and index. 606 $aSports medicine 606 $aArtificial knee 606 $aTotal knee replacement 615 0$aSports medicine. 615 0$aArtificial knee. 615 0$aTotal knee replacement. 676 $a617.5820592 702 $aNoyes$b Frank R. 702 $aBarber-Westin$b Sue D. 801 0$bMiAaPQ 801 1$bMiAaPQ 801 2$bMiAaPQ 906 $aBOOK 912 $a9910523799003321 996 $aCritical rehabilitation for partial and total knee arthroplasty$92905555 997 $aUNINA